000 00574nam a2200121Ia 4500
008 220620s9999||||xx |||||||||||||| ||und||
100 _aRuzhansky, Michael||Suragan, Durvudkhan
245 0 _aHardy Inequalities on Homogeneous Groups
_b100 Years of Hardy Inequalities
546 _aEnglish[eng]
650 _aMathematics||Topological groups||Lie groups||Potential theory (Mathematics)||Partial differential equations||Harmonic analysis||Functional analysis||Differential geometry
856 _uhttps://library.oapen.org/bitstream/20.500.12657/23139/1/1007015.pdf
942 _cEB
999 _c33026
_d33026